[Event "South African op"]
[Site "Durban"]
[Date "2017.07.15"]
[Round "3"]
[White "Vassiliadis, John"]
[Black "Moremi, Thato"]
[Result "1-0"]
[WhiteElo "1729"]
[BlackElo "1493"]
[PlyCount "47"]
[EventDate "2017.07.14"]
[EventType "swiss"]
[EventRounds "11"]
[EventCountry "RSA"]
[SourceTitle "EXT 2018"]
[Source "ChessBase"]
[SourceDate "2017.10.13"]
[SourceVersion "1"]
[SourceVersionDate "2017.10.13"]
[SourceQuality "1"]

1. e4 e6 2. Qe2 Be7 3. Nf3 Nf6 4. d3 d5 5. Nbd2 b6 6. g3 Bb7 7. Bg2 c5 8. c3 Ba6 9. e5 Nfd7 10. 0-0 Nc6 11. Re1 Rc8 12. a3 h5 13. b4 g5 14. c4 cxb4 15. cxd5 exd5 16. e6 Nc5 17. exf7+ Kxf7 18. axb4 Bxd3 19. Ne5+ Nxe5 20. Qxe5 Ne4 21. Rxa7 Qd6 22. Rxe7+ Qxe7 23. Qxd5+ Qe6 24. Qxd3 1-0